Poemas escogidos.

Bibliographic Details
Main Author: Alonso, Dámaso, 1898-1990
Format: Book
Language:Spanish
Published: [Madrid] : Editorial Gredos, [1969]
Series:Biblioteca romanica hispanica. Antología hispánica ; 28.

MARC

Tag First Indicator Second Indicator Subfields
LEADER 00000cam a22000001 4500
001 in00000063246
005 20151008051727.0
008 780607s1969 sp 00000 spa
010 |a  75258239  
035 |a (OCoLC)00511689 
035 |9 AAG9648AM 
040 |a DLC  |c DLC  |d TXA  |d UtOrBLW 
049 |a TXAM  |c [1159840] 
050 0 0 |a PQ6601.L53  |b A6 1969 
100 1 |a Alonso, Dámaso,  |d 1898-1990. 
245 1 0 |a Poemas escogidos. 
264 1 |a [Madrid] :  |b Editorial Gredos,  |c [1969] 
300 |a 212 pages ;  |c 20 cm. 
336 |a text  |b txt  |2 rdacontent 
337 |a unmediated  |b n  |2 rdamedia 
338 |a volume  |b nc  |2 rdacarrier 
490 0 |a Biblioteca romanica hispanica. 6. Antologia hispanica, 28 
830 0 |a Biblioteca romanica hispanica.  |n VI,  |p Antología hispánica ;  |v 28. 
999 |a MARS 
999 f f |s 198a2e05-eff8-3be8-b738-83a30f394eb4  |i 92facc75-6d3b-36c1-880b-43c842370ad2  |t 0 
952 f f |p normal  |a Texas A&M University  |b College Station  |c Sterling C. Evans Library  |d Evans: Library Stacks  |t 0  |e PQ6601.L53 A6 1969  |h Library of Congress classification  |i unmediated -- volume  |m A14803812762 
998 f f |a PQ6601.L53 A6 1969  |t 0  |l Evans: Library Stacks